00222nam a2200097Ia 4500008004100000100001400041245003600055260000900091942000700100999001700107190216s9999||||xx |||||||||||||| ||und|| aSwain J E 2aA History Of World Civilization bNull cBK c18684d18684